[Event "Zonal 3.4 Men"]
[Site "Tashkent UZB"]
[Date "2011.06.12"]
[Round "5.5"]
[White "Dzhumaev,M"]
[Black "Kvon,A"]
[Result "0-1"]
[WhiteElo "2489"]
[BlackElo "2459"]

1.e4 c5 2.Nf3 Nc6 3.Bb5 Na5 4.O-O e6 5.d4 cxd4 6.Nxd4 Qc7 7.Nc3 a6 8.Bd3 Nf6
9.Kh1 Bc5 10.Nb3 Nxb3 11.axb3 O-O 12.f4 d5 13.e5 Ne8 14.b4 Bxb4 15.f5 Qxe5
16.Bf4 Qf6 17.Bd2 Qd8 18.fxe6 Bxe6 19.Qh5 f5 20.Qe2 Nc7 21.Nxd5 Qxd5 22.Bxb4 Rfe8
23.Bc3 Nb5 24.Bxb5 Qxb5 25.Qh5 f4 26.Qh4 Rf8 27.Bxg7 Kxg7 28.Qe7+ Bf7 29.Rxf4 Kg8
30.Raf1 Rae8 31.Qa3 Qg5 32.Qf3 Qg7 33.Qxb7 Bg6 34.Rxf8+ Rxf8 35.Rxf8+ Qxf8
36.Qxa6 Qf2 37.Qc4+ Kg7 38.Qc3+ Kh6 39.h4 Be4 40.Qh3 Kh5 41.Kh2 Qxh4 42.c4 Bf5  0-1

[Event "1st Forni Open"]
[Site "Forni di Sopra ITA"]
[Date "2011.06.13"]
[Round "2"]
[White "Borgo,G"]
[Black "Banusz,T"]
[Result "0-1"]
[WhiteElo "2399"]
[BlackElo "2555"]

1.e4 c5 2.Nf3 Nc6 3.Bb5 g6 4.Bxc6 bxc6 5.O-O Bg7 6.Re1 Nh6 7.c3 f6 8.d4 cxd4
9.cxd4 O-O 10.Nc3 d6 11.Qc2 Qa5 12.b3 Bd7 13.Bb2 Qh5 14.Ne2 g5 15.Ng3 Qg6
16.Rac1 Rac8 17.Qc4+ Kh8 18.Qa6 Bg4 19.Nd2 f5 20.exf5 Nxf5 21.f3 Bh5 22.Nxh5 Qxh5
23.g4 Qh4 24.Qd3 Nh6 25.Rxe7 d5 26.Qe2 Ng8 27.Re6 h5 28.Ba3 Bxd4+ 29.Kh1 Rf6
30.Bd6 hxg4 31.Rxf6 Nxf6 32.Qd3 Qf2 33.fxg4 Nxg4 34.Nf3 Bf6 35.Qf5 Qg2+ 36.Kxg2 Ne3+
37.Kh3 Nxf5 38.Bc5 Re8 39.Kg4 Nh6+ 40.Kh5 g4 41.Bd4 gxf3 42.Bxf6+ Kh7 43.Rf1  0-1

[Event "1st Forni Open"]
[Site "Forni di Sopra ITA"]
[Date "2011.06.13"]
[Round "2"]
[White "Jaracz,P"]
[Black "Bernardi,R"]
[Result "1-0"]
[WhiteElo "2575"]
[BlackElo "2162"]

1.e4 c5 2.Nf3 Nc6 3.Bb5 g6 4.Bxc6 dxc6 5.d3 Bg7 6.h3 Nf6 7.Nc3 O-O 8.Bf4 Re8
9.Qd2 e5 10.Bxe5 Nxe4 11.dxe4 Qxd2+ 12.Kxd2 Bxe5 13.Nxe5 Rxe5 14.g4 f6 15.Rad1 Re7
16.Ke3 Be6 17.Kf4 Rae8 18.Rd6 Kg7 19.Rhd1 h5 20.Rd8 Rxd8 21.Rxd8 hxg4 22.hxg4 g5+
23.Kg3 Rd7 24.Rxd7+ Bxd7 25.f4 gxf4+ 26.Kxf4 Kf7 27.Ne2 Ke6 28.Ng1 Be8 29.Nf3 Bg6
30.c3 b5 31.Ne1 c4 32.Nf3 c5 33.Nh4 Bh7 34.Nf5 a5 35.Ne3 Bg8 36.a3 a4 37.Nd5 Bh7
38.Ne3 Bg6 39.Nf5 Bh7 40.Nh4 Kd6 41.Nf3 Bg6 42.g5 fxg5+ 43.Nxg5 b4 44.Nf3 bxa3
45.bxa3 Bh5 46.Nd2 Bf7 47.Kf5 Bg8 48.Kf6 Kc6 49.Nf3 Kd7 50.Ng5 Kd6 51.e5+ Kd5
52.e6 Bxe6 53.Nxe6 Ke4 54.Nxc5+ Kd5 55.Nxa4  1-0

[Event "Voronezh Master Open"]
[Site "Voronezh RUS"]
[Date "2011.06.13"]
[Round "2.20"]
[White "Zhurikhin,A"]
[Black "Panarin,M"]
[Result "1/2-1/2"]
[WhiteElo "2192"]
[BlackElo "2525"]

1.e4 c5 2.Nf3 Nc6 3.Bb5 g6 4.O-O Bg7 5.Re1 Nf6 6.e5 Nd5 7.Nc3 Nc7 8.Bxc6 dxc6
9.Ne4 b6 10.Nf6+ Kf8 11.Ne4 h6 12.d3 Kg8 13.Bf4 Kh7 14.h3 Ne6 15.Qd2 Nd4
16.Nh2 Be6 17.c3 Nb5 18.Ng4 Bxg4 19.hxg4 Nc7 20.Re3 Qd7 21.Rh3 Qxg4 22.f3 Qd7
23.Bxh6 Kg8 24.Kf2 Bxe5 25.Rah1 Nd5 26.d4 cxd4 27.cxd4 Bg7 28.Bxg7 Kxg7 29.Ng5 f6
30.Nh7 Qf5 31.Qh6+ Kf7 32.Qd2 Nf4 33.Rh4 g5 34.Nxg5+ Qxg5 35.Rxh8 Nh3+ 36.Ke1 Rxh8
37.Qxg5 fxg5 38.Rxh3 Rxh3 39.gxh3 Ke6 40.Ke2 c5  1/2-1/2

[Event "1st Forni Open"]
[Site "Forni di Sopra ITA"]
[Date "2011.06.14"]
[Round "3"]
[White "Jaracz,B"]
[Black "Basso,Pier Luigi"]
[Result "1/2-1/2"]
[WhiteElo "2275"]
[BlackElo "2028"]

1.e4 c5 2.Nf3 Nc6 3.Bb5 Nd4 4.Bc4 e6 5.Nxd4 cxd4 6.O-O g6 7.d3 Bg7 8.f4 Ne7
9.f5 exf5 10.Bg5 d6 11.Nd2 O-O 12.Qe1 h6 13.Bxe7 Qxe7 14.exf5 Qe3+ 15.Kh1 Bxf5  1/2-1/2

[Event "1st Chinese Celebrity"]
[Site "Shenzhen CHN"]
[Date "2011.06.14"]
[Round "7"]
[White "Hou Yifan"]
[Black "Bu Xiangzhi"]
[Result "1/2-1/2"]
[WhiteElo "2612"]
[BlackElo "2662"]

1.e4 c5 2.Nf3 Nc6 3.Bb5 d6 4.d4 cxd4 5.Qxd4 Nf6 6.Nc3 e5 7.Qd3 Be7 8.Bg5 O-O
9.Bxf6 Bxf6 10.Nd5 g6 11.c3 Bg7 12.O-O a6 13.Ba4 b5 14.Bc2 Be6 15.Rfd1 Qb8
16.Ne3 Qb7 17.Bb3 Rad8 18.Bd5 Bh6 19.h3 Qc7 20.a4 Bxe3 21.Qxe3 Kg7 22.axb5 axb5
23.Ra6 Bd7 24.Qb6 Rc8 25.Qxc7 Rxc7 26.Bb3 b4 27.Rxd6 bxc3 28.bxc3 Rfc8 29.Bd5 Be8
30.c4 Kf8 31.Bxc6 Bxc6 32.Nxe5 Bxe4 33.f3 Bf5 34.Rac6 Be6 35.c5 Rxc6 36.Nxc6 Kg7
37.Kh2 Bc4 38.h4 Bb5 39.Na7  1/2-1/2

[Event "4th Karen Asrian Memorial"]
[Site "Jermuk ARM"]
[Date "2011.06.16"]
[Round "1"]
[White "Ulibin,M"]
[Black "Kowsarinia,A"]
[Result "1-0"]
[WhiteElo "2532"]
[BlackElo "2190"]

1.e4 c5 2.Nf3 Nc6 3.Bb5 e6 4.O-O Nge7 5.Re1 a6 6.Bf1 Ng6 7.c3 Be7 8.d4 d5
9.exd5 exd5 10.dxc5 O-O 11.Be3 f5 12.Nbd2 f4 13.Bd4 Bf5 14.b4 Bf6 15.Qb3 Kh8
16.Rad1 a5 17.Bxf6 Qxf6 18.b5 a4 19.Qxd5 Rad8 20.Ne4 Rxd5 21.Nxf6 Rxd1 22.Rxd1 gxf6
23.bxc6 bxc6 24.Rd6 Ne7 25.Nd4 Bb1 26.a3 Rb8 27.Rxf6 Nd5 28.Rxc6 Be4 29.Re6 Nxc3
30.Nb5 Nxb5 31.Rxe4 Nc3 32.Rc4  1-0

[Event "3rd Gaudeamus Cup"]
[Site "Bucharest ROU"]
[Date "2011.06.17"]
[Round "1"]
[White "Raducanu,A"]
[Black "Vladescu,V"]
[Result "1-0"]
[WhiteElo "2126"]
[BlackElo "1817"]

1.e4 c5 2.Nf3 Nc6 3.Bb5 Qc7 4.c3 e5 5.O-O d6 6.Re1 Bg4 7.h3 Bxf3 8.Qxf3 Nf6
9.a4 a6 10.Bc4 Na5 11.Na3 Nxc4 12.Nxc4 a5 13.d3 Be7 14.Bg5 h6 15.Bd2 O-O
16.Ne3 Nh7 17.Nf5 Bg5 18.Qg3 Kh8 19.h4 Bf6 20.Qh3 h5 21.Ne3 Qd8 22.g3 g6
23.Nd5 Bg7 24.Reb1 f5 25.b4 b6 26.bxa5 bxa5 27.c4 Nf6 28.Bg5 fxe4 29.dxe4 Rb8
30.Bxf6 Bxf6 31.Rb5 Rf7 32.Rab1 Rxb5 33.axb5 Kg7 34.Qe6 Qb8 35.b6 Bd8 36.Qe8 Qc8
37.b7 Rxb7 38.Rxb7+ Qxb7 39.Qxd8 Qb1+ 40.Kh2 Qf1 41.Qf6+  1-0

[Event "4th Karen Asrian Memorial"]
[Site "Jermuk ARM"]
[Date "2011.06.18"]
[Round "3"]
[White "Minasyan,A"]
[Black "Chibukhchian,A"]
[Result "0-1"]
[WhiteElo "2189"]
[BlackElo "2500"]

1.e4 c5 2.Nf3 Nc6 3.Bb5 d6 4.d4 cxd4 5.Qxd4 Bd7 6.Bxc6 Bxc6 7.Nc3 Nf6 8.Bg5 e6
9.O-O Be7 10.Rad1 O-O 11.Rfe1 Qa5 12.a3 Rfd8 13.Bd2 Qc7 14.Bg5 b5 15.Nh4 a5
16.Rd3 b4 17.axb4 axb4 18.Rg3 Nh5 19.Nd5 Bxd5 20.Bxe7 Nxg3 21.hxg3 Qxe7 22.exd5 Rab8
23.dxe6 fxe6 24.Nf5 Qf8 25.Nh6+ gxh6 26.Rxe6 Qg7 27.Qe3 Rb7 28.Rxh6 Re7 29.Qb3+ Kh8
30.Rh4 d5 31.Qxb4 Re4 32.Qb6 Rf8  0-1

[Event "e2e4 Gatwick Open"]
[Site "London ENG"]
[Date "2011.06.18"]
[Round "2"]
[White "Haria,R"]
[Black "Dias,T"]
[Result "1/2-1/2"]
[WhiteElo "2052"]
[BlackElo "1789"]

1.e4 c5 2.Nf3 Nc6 3.Bb5 Na5 4.O-O a6 5.Be2 e6 6.c3 b5 7.d4 Bb7 8.Nbd2 Nf6
9.e5 Nd5 10.Ne4 cxd4 11.cxd4 d6 12.Bd2 Nc6 13.a4 Nc7 14.Bg5 Qd7 15.axb5 axb5
16.Rxa8+ Bxa8 17.Nc3 b4 18.Nb5 Be7 19.Bxe7 Nxb5 20.Bxb5 Kxe7 21.d5 exd5 22.Re1 Rd8
23.exd6+ Kf8 24.Qc2 g6 25.Ne5 Qxd6 26.Nxc6 Rc8 27.Rc1 d4 28.Qc5 Qxc5 29.Rxc5 d3
30.Kf1 Bxc6 31.Rxc6 Rd8 32.Ke1 Rd5 33.Bc4 Re5+ 34.Kd1 Re2 35.Bxd3 Rxb2 36.Rc2 Rb1+
37.Kd2 Rg1 38.Be4 f5 39.Bf3 Rb1 40.Rc8+ Kg7 41.Kc2 Rf1 42.Kb3 Rxf2 43.Rc2 Rxc2
44.Kxc2 g5 45.Kb3 g4 46.Bd1 Kf6 47.Kxb4 h5 48.Kc4 h4 49.Kd4 Kg5 50.Ke3 f4+
51.Ke4 h3  1/2-1/2

[Event "e2e4 Gatwick Open"]
[Site "London ENG"]
[Date "2011.06.19"]
[Round "5"]
[White "Rausis,I"]
[Black "Wells,P"]
[Result "1-0"]
[WhiteElo "2496"]
[BlackElo "2501"]

1.e4 c5 2.Nf3 Nc6 3.Bb5 g6 4.Bxc6 dxc6 5.O-O Bg7 6.d3 Nf6 7.Nc3 Bg4 8.h3 Bxf3
9.Qxf3 Nd7 10.Qg3 O-O 11.Qh4 e5 12.Qxd8 Rfxd8 13.Bg5 Re8 14.Be3 Bf8 15.a4 Be7
16.Nb1 Nf8 17.Nd2 Ne6 18.Nc4 f6 19.Na5 Rab8 20.f4 Bd8 21.Nc4 exf4 22.Bxf4 Nxf4
23.Rxf4 Re6 24.a5 Bc7 25.Rf3 Rd8 26.g4 Kg7 27.Kg2 Rd7 28.h4 Bd8 29.Rh1 b5
30.axb6 axb6 31.h5 g5 32.Ra1 Bc7 33.Ra7 Ree7 34.Rf1 b5 35.Ne3 Bf4 36.Nf5+ Kf7
37.Ra8 Re8 38.Rfa1 Rxa8 39.Rxa8 Be5 40.b3 c4 41.bxc4 bxc4 42.dxc4 Rd2+ 43.Kf3 Rxc2
44.Ra7+ Kf8 45.Rxh7 Rc3+ 46.Kf2 Rc2+ 47.Ke3 Rc3+ 48.Kd2 Rxc4 49.h6 Rxe4 50.Rg7  1-0

[Event "5th Metropolitan Qualifier"]
[Site "Los Angeles USA"]
[Date "2011.06.19"]
[Round "5"]
[White "Borgen,R"]
[Black "Krishnan,V"]
[Result "0-1"]
[WhiteElo "2137"]
[BlackElo "2110"]

1.e4 c5 2.Nf3 Nc6 3.Bb5 d6 4.Bxc6+ bxc6 5.O-O e5 6.c3 Nf6 7.Re1 Be7 8.d4 cxd4
9.cxd4 Qc7 10.b3 O-O 11.Bb2 exd4 12.Nxd4 d5 13.Nc3 Ng4 14.g3 dxe4 15.Rc1 Bg5
16.Nd5 Qe5 17.Nxc6 Qxb2 18.Rc2 Qa3 19.Nc7 Bf5 20.Qd5 g6 21.Nxa8 Rxa8 22.Ne7+ Qxe7
23.Qxa8+ Kg7 24.Rc4 e3 25.f4 Bf6 26.Qf3 Be6 27.Ra4 Qc5 28.Qe2 Qc6 29.h3 Nf2
30.Qxe3 Nxh3+ 31.Kh2 Qd5 32.Qe2 Qc5 33.Ra6 Nf2 34.b4 Ng4+ 35.Kg2 Bd5+ 36.Kh3 Qc8
37.Rd1 Nf2+  0-1

[Event "25th Open Pula"]
[Site "Pula CRO"]
[Date "2011.06.19"]
[Round "2.2"]
[White "Zelcic,R"]
[Black "Pesce,G"]
[Result "1-0"]
[WhiteElo "2557"]
[BlackElo "2185"]

1.e4 c5 2.Nf3 Nc6 3.Bb5 g6 4.c3 Nf6 5.Qa4 Qb6 6.e5 Nd5 7.O-O Bg7 8.d4 cxd4
9.cxd4 O-O 10.Nc3 Nxc3 11.bxc3 d5 12.exd6 exd6 13.Bf4 d5 14.Rab1 Be6 15.Bd3 Qa5
16.Qc2 Rfc8 17.Qd2 b6 18.Rb3 a6 19.a4 Qxa4 20.Rxb6 Qa5 21.Qb2 Nd8 22.Bd2 Rc6
23.Rxc6 Nxc6 24.Qb7 Rc8 25.Ng5 Qc7 26.Bxa6 Qxb7 27.Bxb7 Rc7 28.Rb1 Nd8 29.Nxe6 Rxb7
30.Rxb7 Nxb7 31.Nc7  1-0

[Event "61st ch-RUS HL w"]
[Site "Taganrog RUS"]
[Date "2011.06.19"]
[Round "4"]
[White "Kovalevskaya,E"]
[Black "Charochkina,D"]
[Result "1/2-1/2"]
[WhiteElo "2427"]
[BlackElo "2320"]

1.e4 c5 2.Nf3 Nc6 3.Bb5 d6 4.O-O Bd7 5.Re1 Nf6 6.c3 a6 7.Bf1 Bg4 8.h3 Bxf3
9.Qxf3 g6 10.Na3 Bg7 11.Nc2 Nd7 12.Qd1 O-O 13.d4 cxd4 14.cxd4 Rc8 15.Be3 Nf6
16.d5 Ne5 17.Bd4 e6 18.Bc3 Qb6 19.dxe6 fxe6 20.Nd4 Nh5 21.Qb3 Qxb3 22.axb3 Kf7
23.Rad1 b5 24.Ra1 Ra8 25.Ra2 Nd7 26.Nf3 Rfc8 27.Bb4 Nc5 28.e5 dxe5 29.Ng5+ Kg8
30.Bxc5 Rxc5 31.Nxe6 Rc2 32.Bxb5 Bf6 33.Bd3 Rd2 34.Bc4 Kh8 35.Nc5 Be7 36.Rxe5 Rd1+
37.Bf1 Bd6 38.Rxh5 gxh5 39.Ne4 Be5 40.g3 a5 41.Kg2 h4 42.g4 h5 43.Be2 Re1
44.Nc3 Rd8 45.Bf3 hxg4 46.Bxg4 Rd2 47.Rxa5 Rxb2 48.Ne2 Rexe2 49.Bxe2 Rxe2
50.Kf1 Re4 51.Ra4 Bd4 52.f3 Rf4 53.Ke2 Kg7 54.Kd3 Rxf3+ 55.Kxd4 Rxb3 56.Ke4 Rxh3  1/2-1/2

[Event "64th ch-RUS HL"]
[Site "Taganrog RUS"]
[Date "2011.06.19"]
[Round "5"]
[White "Yemelin,V"]
[Black "Sitnikov,D"]
[Result "1/2-1/2"]
[WhiteElo "2584"]
[BlackElo "2463"]

1.e4 c5 2.Nf3 Nc6 3.Bb5 d6 4.O-O Bd7 5.c3 Nf6 6.Re1 a6 7.Ba4 c4 8.Bc2 g6
9.b3 cxb3 10.axb3 Bg7 11.d4 O-O 12.Nbd2 b5 13.d5 Nb8 14.Bb2 Qb6 15.Qe2 Bg4
16.h3 Bxf3 17.Nxf3 Nfd7 18.Nd4 Ra7 19.Rad1 Rc8 20.Qe3 Rac7 21.Kh2 Bf6 22.f4 Bg7
23.Bb1 a5 24.Qg3 Nf6 25.Qd3 Nh5 26.g3 Na6 27.e5 Nc5 28.Qxb5 Qxb5 29.Nxb5 Rb7
30.c4 Nxb3 31.exd6 Bxb2 32.dxe7 Re8 33.d6 Nf6 34.Nc7 Rxc7 35.dxc7 Nd4 36.Rxd4 Bxd4
37.Bc2 Bb6 38.Ba4 Rc8 39.e8=Q+ Nxe8 40.Rxe8+ Rxe8  1/2-1/2

[Event "Teplice Open"]
[Site "Teplice CZE"]
[Date "2011.06.19"]
[Round "9"]
[White "Pacher,M"]
[Black "Vagner,T"]
[Result "1-0"]
[WhiteElo "2407"]
[BlackElo "2322"]

1.e4 c5 2.Nf3 Nc6 3.Bb5 g6 4.O-O Bg7 5.c3 d5 6.d3 e6 7.Be3 d4 8.cxd4 cxd4
9.Bf4 Ne7 10.Be5 O-O 11.Bxg7 Kxg7 12.e5 Qa5 13.Na3 Bd7 14.Re1 Rad8 15.Qc1 a6
16.Bc4 b5 17.Bb3 Bc8 18.Nc2 Bb7 19.a3 Qb6 20.Qf4 Ng8 21.h4 h5 22.Ng5 Na5
23.Ba2 Qc6 24.Re4 Qxc2 25.Rc1 Qxc1+ 26.Qxc1 Bxe4 27.Nxe4 Rc8 28.Qf4 Rc7 29.Ng5 Rfc8
30.Qxd4 Nc6 31.Qb6 Nd8 32.Qxa6 Nh6 33.g3 Ng4 34.Qxb5 Rb7 35.Qe8 Rxb2 36.Bc4 Rcb8
37.Bxe6 Nxf2 38.Qe7 Rd2 39.Qf6+ Kf8 40.Qh8+ Ke7 41.Qf6+ Kf8 42.Nh7+ Kg8 43.Qxg6+ Kh8
44.Qf6+ Kxh7 45.Bf5+ Kg8 46.Qg5+ Kf8 47.Qxd2 Ng4 48.d4 Rb3 49.Qf4 Ne3 50.Qh6+ Ke8
51.Qh8+ Ke7 52.Qf6+ Ke8 53.e6 Nxf5 54.exf7+  1-0

[Event "Voronezh FIDE Open"]
[Site "Voronezh RUS"]
[Date "2011.06.19"]
[Round "8.37"]
[White "Klimentov,Evgeny"]
[Black "Kasantsev,A"]
[Result "1-0"]
[WhiteElo "1729"]
[BlackElo "2109"]

1.e4 c5 2.Nf3 Nc6 3.Bb5 e6 4.O-O Nge7 5.Re1 a6 6.Bxc6 Nxc6 7.d4 cxd4 8.Nxd4 d6
9.Nc3 Be7 10.Nxc6 bxc6 11.Qg4 Bf6 12.e5 dxe5 13.Be3 O-O 14.Rad1 Qe7 15.Ne4 Kh8
16.Bc5 Qe8 17.Bxf8 Qxf8 18.Nxf6 gxf6 19.Qf3 Qe7 20.Qxc6 Rb8 21.Qd6 Qxd6 22.Rxd6 Bb7
23.Red1 Bd5 24.b3 Rb4 25.c4 Be4  1-0

[Event "Baltija Cup Open A"]
[Site "Palanga LTU"]
[Date "2011.06.20"]
[Round "2.7"]
[White "Kalvaitis,S"]
[Black "Stremavicius,T"]
[Result "1-0"]
[WhiteElo "2310"]
[BlackElo "2002"]

1.e4 c5 2.Nf3 Nc6 3.Bb5 d6 4.O-O Bd7 5.Re1 Nf6 6.c3 a6 7.Bf1 Bg4 8.d3 g6
9.Nbd2 e5 10.h3 Be6 11.Ng5 Bc8 12.d4 h6 13.Ngf3 cxd4 14.cxd4 Bg7 15.Nc4 Qc7
16.d5 Ne7 17.Nfxe5 dxe5 18.d6 Qd8 19.dxe7 Qxe7 20.b3 Bf8 21.Bb2 Nd7 22.Qd5 f6
23.Ba3 Qf7 24.Nd6+ Bxd6 25.Qxd6 Nf8 26.Red1 Be6 27.Rac1 Nd7 28.Rc7 b5 29.Qxa6  1-0

[Event "64th ch-RUS HL"]
[Site "Taganrog RUS"]
[Date "2011.06.20"]
[Round "6"]
[White "Kryakvin,D"]
[Black "Frolyanov,D"]
[Result "1-0"]
[WhiteElo "2551"]
[BlackElo "2599"]

1.e4 c5 2.Nf3 Nc6 3.Bb5 d6 4.d4 cxd4 5.Qxd4 Bd7 6.Bxc6 Bxc6 7.c4 Nf6 8.Nc3 g6
9.O-O Bg7 10.Be3 O-O 11.Qd3 a6 12.a4 Nd7 13.Nd4 Rc8 14.f3 Nc5 15.Qc2 Bd7
16.a5 Ne6 17.Qd3 Nc5 18.Qe2 e6 19.Rfd1 Qc7 20.Ra3 b6 21.b4 Nb7 22.axb6 Qxc4
23.Qxc4 Rxc4 24.Na2 Ra8 25.Rc3 Rac8 26.Rxc4 Rxc4 27.Nb3 Rc2 28.Na5 Nxa5 29.bxa5 Rxa2
30.b7  1-0

[Event "Voronezh Master Open"]
[Site "Voronezh RUS"]
[Date "2011.06.20"]
[Round "8.8"]
[White "Efanov,N"]
[Black "Panarin,M"]
[Result "1-0"]
[WhiteElo "2413"]
[BlackElo "2525"]

1.e4 c5 2.Nf3 Nc6 3.Bb5 g6 4.Bxc6 bxc6 5.O-O Bg7 6.Re1 Nh6 7.c3 O-O 8.d4 cxd4
9.cxd4 f6 10.Nbd2 Nf7 11.b3 d6 12.Qc2 Bd7 13.Bb2 Qa5 14.Bc3 Qh5 15.Nf1 Qb5
16.Rac1 c5 17.Ne3 cxd4 18.Nxd4 Qb7 19.Nd5 e6 20.Ne3 Rac8 21.Qd3 e5 22.Nf3 f5
23.Nd2 Bb5 24.Qb1 fxe4 25.Qxe4 Bc6 26.Qb4 Qa8 27.f3 d5 28.Ng4 Rfe8 29.Bb2 a5
30.Qb6 h5 31.Nf2 Bh6 32.Rc2 Re6 33.Nf1 d4 34.Rc5 Bd7 35.Qxa5 Ra6 36.Rxc8+ Qxc8
37.Qd5 Be6 38.Qb5 Rxa2 39.Nd3 Bf5 40.Nxe5 Rxb2 41.Nc4 Bd7 42.Qb6  1-0

[Event "49th National Challengers ch-IND"]
[Site "Aurangabad IND"]
[Date "2011.06.21"]
[Round "8"]
[White "Rathnakaran,K"]
[Black "Rajesh,VA"]
[Result "1-0"]
[WhiteElo "2414"]
[BlackElo "2291"]

1.e4 c5 2.Nf3 Nc6 3.Bb5 g6 4.O-O Bg7 5.Re1 Nf6 6.e5 Nd5 7.Nc3 Nc7 8.Bxc6 dxc6
9.Ne4 Ne6 10.d3 O-O 11.a4 a5 12.Be3 b6 13.Qd2 Re8 14.Bh6 Bh8 15.Neg5 f6 16.Nxe6 Bxe6
17.Qf4 Qd7 18.Re3 Bd5 19.Rae1 Bxf3 20.Rxf3 Qe6 21.h4 Rad8 22.c3 fxe5 23.Qg3 Rd6
24.Re4 Red8 25.h5 b5 26.hxg6 hxg6 27.Rg4 c4 28.dxc4 bxc4 29.Qh4 Rd3 30.Be3 Bg7
31.Rfg3 R8d6 32.Rxg6 Rd1+ 33.Kh2 Qxg6 34.Rxg6 Rxg6 35.Qxc4+ Rd5 36.b4 Kf8
37.b5 e4 38.bxc6 Be5+ 39.g3  1-0

[Event "Baltija Cup Open A"]
[Site "Palanga LTU"]
[Date "2011.06.21"]
[Round "5.19"]
[White "Smilga,K"]
[Black "Starcevs,Dmitrijs"]
[Result "0-1"]
[WhiteElo "2150"]
[BlackElo "1840"]

1.e4 c5 2.Nf3 Nc6 3.Bb5 d6 4.c3 a6 5.Ba4 b5 6.Bc2 Bg4 7.h3 Bh5 8.d3 e6 9.Nbd2 Nf6
10.g4 Bg6 11.Nh4 d5 12.f4 Nd7 13.Ndf3 Be7 14.Ng2 f6 15.exd5 exd5 16.f5 Bf7
17.d4 cxd4 18.cxd4 Qc7 19.Bf4 Bb4+ 20.Kf2 Qb6 21.a3 Be7 22.Re1 Kf8 23.Qd2 Rc8
24.Re3 g5 25.fxg6 hxg6 26.h4 Qa5 27.Qe2 Qd8 28.Re1 Nb6 29.Rd3 Nc4 30.Bc1 Qd7
31.Nf4 Bd6 32.Ne6+ Kg8 33.Nc5 Bxc5 34.dxc5 Re8 35.Qd1 Rxe1 36.Qxe1 Qxg4 37.Qg1 Qxg1+
38.Kxg1 N4e5 39.Nxe5 fxe5 40.Bg5 Nd4 41.Bd1 Kg7 42.Bg4 Nf5 43.h5 Be6 44.h6+ Kf7
45.c6 Nxh6 46.Bxe6+ Kxe6 47.c7 Nf7 48.Bd8 Rxd8 49.cxd8=Q Nxd8 50.Rc3 Kd6
51.Rc8 Nc6 52.Rg8 d4 53.Rxg6+ Kd5 54.Kf2 e4 55.Ke2 a5 56.b3 a4 57.b4 e3 58.Rg8 Ke4
59.Rg4+ Kd5 60.Rg8 Ne5 61.Rh8 Nc4 62.Rc8 Ke4 63.Re8+ Ne5 64.Re6 d3+ 65.Kd1 Kd4
66.Re8 e2+ 67.Ke1 Nf3+ 68.Kf2 e1=Q+ 69.Rxe1 Nxe1 70.Kxe1 Kc3 71.Kd1 d2  0-1

[Event "US Junior Championship"]
[Site "Saint Louis USA"]
[Date "2011.06.21"]
[Round "5"]
[White "Getz,A"]
[Black "Young,G"]
[Result "1-0"]
[WhiteElo "2292"]
[BlackElo "2327"]

1.e4 c5 2.Nf3 Nc6 3.Bb5 g6 4.O-O Bg7 5.Re1 Nf6 6.c3 O-O 7.d4 d5 8.Bxc6 bxc6
9.exd5 Nxd5 10.dxc5 Qa5 11.c4 Nf6 12.Nc3 Qxc5 13.Qd4 Nd7 14.Qh4 Nb6 15.Bh6 Bxh6
16.Qxh6 f6 17.Ne4 Qf5 18.Nd4 Qd7 19.Nc5 Qe8 20.Nde6 Bxe6 21.Nxe6 Rf7 22.Nc7 Qf8
23.Qe3 Rb8 24.Ne6 Nxc4 25.Qc3  1-0

[Event "64th ch-RUS HL"]
[Site "Taganrog RUS"]
[Date "2011.06.23"]
[Round "8"]
[White "Yemelin,V"]
[Black "Frolyanov,D"]
[Result "1/2-1/2"]
[WhiteElo "2584"]
[BlackElo "2599"]

1.e4 c5 2.Nf3 Nc6 3.Bb5 d6 4.Bxc6+ bxc6 5.O-O Bg4 6.h3 Bh5 7.Re1 e6 8.d3 Nf6
9.Nbd2 Be7 10.e5 Nd5 11.Nc4 dxe5 12.Ncxe5 Qc7 13.c4 Nb6 14.Bf4 Bd6 15.b4 f6
16.bxc5 Bxe5 17.Bxe5 fxe5 18.cxb6 axb6 19.g4 Bf7 20.Nxe5 O-O 21.Qf3 c5 22.Re2 Ra3
23.Rb1 Be8 24.Qe4 Ra4 25.Qe3 Bc6 26.Nxc6 Qxc6 27.Qxe6+ Qxe6 28.Rxe6 Rxa2
29.Rexb6 Rfxf2 30.Rb8+ Kf7 31.Rf1 Rxf1+ 32.Kxf1 Rh2 33.Rd8 Rxh3 34.Rd5 Rg3
35.Kf2 Rxg4 36.Rxc5 Ke6 37.Kf3 Rh4 38.Rg5 g6 39.Ke3 Kf6 40.Rg3 h5 41.d4 Rh1
42.c5 h4 43.Rf3+  1/2-1/2

[Event "4th Sveins Memorial"]
[Site "Oslo NOR"]
[Date "2011.06.24"]
[Round "6"]
[White "Undheim,B"]
[Black "Greeuw,S"]
[Result "0-1"]
[WhiteElo "1678"]
[BlackElo "1981"]

1.e4 c5 2.Nf3 Nc6 3.Bb5 Nd4 4.Nxd4 cxd4 5.O-O g6 6.d3 Bg7 7.f4 e6 8.f5 a6
9.fxe6 fxe6 10.Bc4 Nh6 11.Bd2 Nf7 12.a4 O-O 13.Bb4 d6 14.Nd2 Bd7 15.Nf3 Qe7
16.Bb3 Kh8 17.Qe2 e5 18.Nd2 Be6 19.Nc4 Bxc4 20.Bxc4 Bh6 21.Rxf7 Rxf7 22.Bxf7 Qxf7
23.Bxd6 Qe6 24.Bb4 Qb6 25.Ba3 Rc8 26.b3 Qc6 27.Ra2 Rc7 28.Bb4 Be3+ 29.Kh1 Rf7
30.Be1 Qf6 31.Qf3 Qe7 32.Qe2 Qf8 33.g3 Rf1+ 34.Kg2 Rg1+ 35.Kh3 Qh6+  0-1

[Event "61st ch-RUS HL w"]
[Site "Taganrog RUS"]
[Date "2011.06.24"]
[Round "8"]
[White "Travkina,A"]
[Black "Goryachkina,A"]
[Result "0-1"]
[WhiteElo "2176"]
[BlackElo "2103"]

1.e4 c5 2.Nf3 Nc6 3.Bb5 d6 4.Bxc6+ bxc6 5.O-O Bg4 6.d3 e5 7.Nbd2 Nf6 8.Re1 Be7
9.h3 Bh5 10.Nf1 O-O 11.g4 Bg6 12.Ng3 Nd7 13.b3 a5 14.a4 f6 15.Nh4 Re8 16.Nhf5 Bf8
17.h4 d5 18.h5 Bf7 19.Kg2 g6 20.hxg6 hxg6 21.Ne3 Bg7 22.Rh1 Nf8 23.Ne2 Qd7
24.f3 Ne6 25.Ba3 Rad8 26.Qe1 Nf4+ 27.Nxf4 exf4 28.Nf1 dxe4 29.dxe4 f5 30.Qh4 Bxa1
31.Qh7+ Kf8 32.Bxc5+ Re7 33.gxf5 gxf5 34.Nh2 Bf6 35.exf5 Qd2+ 36.Kh3 Qc3
37.Qh6+ Ke8 38.Bxe7 Kxe7 39.Qxf4 Rh8+ 40.Kg2 Qe5 41.Qxe5+ Bxe5 42.Re1 Rxh2+  0-1

[Event "7th Lazy Open"]
[Site "Lazy POL"]
[Date "2011.06.25"]
[Round "1.5"]
[White "Jarmula,P"]
[Black "Shishkin,Va UKR"]
[Result "0-1"]
[WhiteElo "2081"]
[BlackElo "2474"]

1.e4 c5 2.Nf3 Nc6 3.Bb5 g6 4.O-O Bg7 5.c3 Nf6 6.Qe2 O-O 7.d4 cxd4 8.cxd4 d5
9.e5 Ne8 10.Nc3 Nc7 11.Ba4 Bg4 12.Bxc6 bxc6 13.h3 Bxf3 14.Qxf3 Ne6 15.Rd1 Rb8
16.b3 f6 17.exf6 Bxf6 18.Qg4 Qd7 19.Bh6 Rfd8 20.Rac1 Rb4 21.Ne2 c5 22.Be3 cxd4
23.Bd2 Rb5 24.Be1 Qd6 25.f4 Rb7 26.f5 Ng7 27.fxg6 h5 28.Qg3 Qxg3 29.Bxg3 Nf5
30.Rc6 Rb6 31.Rxb6 axb6 32.Bc7 Rc8 33.Bxb6 e5 34.Rf1 d3 35.Rxf5 dxe2 36.Kf2 Kg7
37.Kxe2 Rc2+ 38.Ke3 Kxg6 39.Rf1 Rxa2 40.Bc5 Rxg2 41.b4 Bg5+ 42.Kf3 Rb2 43.Rf2 Rb3+
44.Kg2 Bf4 45.Rf3 Rb2+ 46.Rf2 Rb1 47.Rf1 Rxf1 48.Kxf1 Kf5 49.b5 Ke6 50.Ke2 e4
51.Kf2 Kd7 52.Ke2 Kc7 53.Kf2 Kb7 54.Ke2 Bc7 55.Bd4 Bb6 56.Bc3 Kc7 57.Be5+ Kd7
58.Kd2 Ke6 59.Bg7 d4  0-1

[Event "50 years of Lviv Youth Chess School"]
[Site "Lviv UKR"]
[Date "2011.06.25"]
[Round "2"]
[White "Kryvoruchko,Y"]
[Black "Oleksienko,M"]
[Result "1/2-1/2"]
[WhiteElo "2640"]
[BlackElo "2577"]

1.e4 c5 2.Nf3 Nc6 3.Bb5 g6 4.Bxc6 bxc6 5.O-O Bg7 6.c3 Nf6 7.e5 Nd5 8.d4 cxd4
9.Qxd4 h6 10.Re1 Nc7 11.c4 Ne6 12.Qh4 d6 13.Nc3 dxe5 14.Nxe5 Qc7 15.Qg3 g5
16.Bd2 f6 17.Nf3 Qxg3 18.hxg3 Kf7 19.Rad1 Rd8 20.b3 g4 21.Nh2 Nd4 22.Be3 f5
23.Nf1 Be6 24.Bxd4 Rxd4 25.Ne2 Rxd1 26.Rxd1 Ke8 27.Ne3 Rd8 28.Rxd8+ Kxd8
29.Kf1 Kc7 30.Ke1 Kd6 31.Kd2 c5 32.f3 Bd7 33.Nf4 Be5 34.Ke2 gxf3+ 35.gxf3 Bxf4
36.gxf4 e5 37.Ng2 exf4 38.Nxf4 Ke5 39.Ke3 Be8 40.Nd3+ Kd6 41.Kf4 Bd7 42.Ne5 Be6
43.Ng6 a5 44.a4 Bf7 45.Ne5 Be6 46.Nd3 Bd7 47.Ne1 Ke6 48.Ng2 Kf6 49.Ne3 Bc6
50.Nd1 h5 51.Nf2 h4 52.Nd3 h3 53.Kg3 h2 54.Kxh2 Bxf3 55.Nxc5 Bd1 56.Nb7 Bxb3
57.Nxa5 Bxa4  1/2-1/2

[Event "25th Open Pula"]
[Site "Pula CRO"]
[Date "2011.06.25"]
[Round "9.1"]
[White "Kovacevic,A"]
[Black "Kuljasevic,D"]
[Result "1/2-1/2"]
[WhiteElo "2575"]
[BlackElo "2537"]

1.e4 c5 2.Nf3 Nc6 3.Bb5 e6 4.O-O Nge7 5.Re1 Nd4 6.Nxd4 cxd4 7.c3 a6 8.Bf1 Nc6
9.d3 Bc5 10.Nd2 O-O 11.c4  1/2-1/2

[Event "7th A Ermaka Memorial"]
[Site "Zaporizhzhia UKR"]
[Date "2011.06.25"]
[Round "1.16"]
[White "Ozerov,A"]
[Black "Barantseva,A"]
[Result "1-0"]
[WhiteElo "2248"]
[BlackElo "1847"]

1.e4 c5 2.Nf3 Nc6 3.Bb5 g6 4.Bxc6 dxc6 5.d3 Bg7 6.h3 Nf6 7.O-O O-O 8.Nc3 Ne8
9.Be3 b6 10.Qd2 Nc7 11.Bh6 Ne6 12.Rad1 Nd4 13.Nxd4 Qxd4 14.Be3 Qd7 15.b3 Rd8
16.Ne2 a5 17.a4 Ba6 18.f4 Bd4 19.Nxd4 cxd4 20.Bf2 b5 21.Bh4 Ra7 22.Ra1 Rda8
23.f5 c5 24.f6 exf6 25.Bxf6 Qe8 26.Qg5 Qf8 27.Be5 Qe7 28.Rf6 h6 29.Rxg6+ fxg6
30.Qxg6+ Kf8 31.Rf1+ Qf7 32.Bg7+ Ke8 33.Rxf7  1-0

[Event "7th A Ermaka Memorial"]
[Site "Zaporizhzhia UKR"]
[Date "2011.06.25"]
[Round "1.12"]
[White "Shagbazyan,Tar"]
[Black "Kazakov,Maksym"]
[Result "1-0"]
[WhiteElo "2303"]
[BlackElo "1931"]

1.e4 c5 2.Nf3 Nc6 3.Bb5 g6 4.O-O Bg7 5.c3 e5 6.d3 a6 7.Ba4 Nge7 8.Be3 b6
9.d4 cxd4 10.cxd4 exd4 11.Nxd4 O-O 12.Nc3 Bb7 13.Nxc6 Bxc6 14.Bxc6 dxc6 15.Qxd8 Rfxd8
16.Bxb6 Rd2 17.Rab1 Rb8 18.Na4 Re2 19.Rfe1 Rxe1+ 20.Rxe1 Bxb2 21.Bc5 Nc8
22.Nxb2 Rxb2 23.Rd1 Rxa2 24.Rd8+ Kg7 25.Bf8+ Kf6 26.f4 Ke6 27.Rxc8 Kd7 28.Ra8 Ra4
29.Ra7+ Ke8 30.Ra8+ Kd7 31.e5 Rxf4 32.Ra7+ Ke6 33.Re7+ Kd5 34.Bh6 Rf5 35.Bg7 Kc4
36.Ra7 Kb5 37.Rb7+ Kc5 38.Bf6 Kd5 39.Rxf7 h5 40.Rd7+ Ke4 41.Rd6 Ke3 42.Rxc6 Ke2
43.Rc2+ Ke1 44.Rf2 Rxf2 45.Bh4  1-0